000 00316nam a2200133 i 4500
001 bg
100 1 _aJARACZ, Alojzy
245 0 _aLaboratorium wysokich napięć /
_cAlojzy Jaracz.
260 _aZielona Góra,
_c1976.
040 _cBPK
041 _apol
942 _cKS
008 s pl f |000 0 pol
999 _c17464
_d17464
856 _uhttp://koha.tu.koszalin.pl/cgi-bin/koha/opac-detail.pl?biblionumber=17464
_yKatalog online BPK